| 000 | 00351nam a22001577a 4500 | ||
|---|---|---|---|
| 003 | SGT | ||
| 020 | _a978-93-512-793-2 | ||
| 082 |
_a611 _bD18E |
||
| 100 | _aEROSCHENKO, VICTOR | ||
| 245 | _aDIFIORE'S ATLAS OF HISTOLOGY | ||
| 250 | _a13TH | ||
| 260 |
_aINDIA _bWOLTER KLUWER _c2018 |
||
| 300 | _a617 | ||
| 650 | _aANATOMY | ||
| 942 |
_2ddc _cBK _08 |
||
| 999 |
_c15621 _d15621 |
||